[Event "Budapest FS04 IM"]
[Site "Budapest"]
[Date "1998.04.08"]
[Round "5"]
[White "Mensch, Etienne"]
[Black "Dudas, Janos"]
[Result "1/2-1/2"]
[WhiteElo "2225"]
[BlackElo "2405"]

1.d4 d5 2.c4 e6 3.Nc3 c6 4.e3 Nf6 5.Nf3 Nbd7 6.Bd3 a6 7.a4 Bd6 8.e4 dxe4
9.Nxe4 Nxe4 10.Bxe4 e5 11.O-O Qc7 12.Re1 O-O 13.dxe5 Nxe5 14.Nxe5 Bxe5 15.Bxh7+ Kxh7
16.Qh5+ Kg8 17.Qxe5 Qxe5 18.Rxe5 Be6 19.Bd2 Bxc4 20.a5 Rfe8 21.Ree1 Rad8
22.Bc3 f6 23.f3 Kf7 24.Kf2  1/2-1/2

[Event "Frohnleiten"]
[Site "Frohnleiten"]
[Date "1998.04.09"]
[Round "7"]
[White "Ebner, Hubert"]
[Black "Baumegger, Siegfried"]
[Result "1/2-1/2"]
[WhiteElo "2300"]
[BlackElo "2495"]

1.Nf3 e6 2.c4 d5 3.d4 Nf6 4.Nc3 c6 5.e3 Nbd7 6.Bd3 dxc4 7.Bxc4 b5 8.Be2 Bb7
9.O-O b4 10.Na4 Bd6 11.Bd2 O-O 12.a3 bxa3 13.bxa3 c5 14.dxc5 Nxc5 15.Nxc5 Bxc5
16.Bb4 Qe7 17.Qa4 Nd5 18.Bxc5 Qxc5 19.Rfc1 Nc3 20.Qc4 Nxe2+ 21.Qxe2 Qa5 22.Qb2 Bxf3
23.gxf3 Qd5 24.Kg2 Rfb8 25.Qc3 Qg5+ 26.Kh1 Qh5 27.Qc6 Qa5 28.Rc5 Qd2 29.Rc2 Qd3
30.Rc3 Qd2  1/2-1/2

[Event "Metz op"]
[Site "Metz"]
[Date "1998.04.09"]
[Round "5"]
[White "Lalic, Bogdan"]
[Black "Timoshchenko, Gennadi A"]
[Result "1/2-1/2"]
[WhiteElo "2545"]
[BlackElo "2520"]

1.d4 d5 2.c4 c6 3.Nc3 Nf6 4.e3 e6 5.Nf3 Nbd7 6.Bd3 dxc4 7.Bxc4 b5 8.Bd3 Bb7
9.O-O a6 10.e4 c5 11.d5 Qc7 12.Qb3 exd5 13.Nxd5 Nxd5 14.exd5 O-O-O 15.a4  1/2-1/2

[Event "AUT-ch U18 Girls"]
[Site "Koestendorf"]
[Date "1998.04.10"]
[Round "7.6"]
[White "Perlega, Daniela"]
[Black "Wiesinger, Bianca"]
[Result "0-1"]
[WhiteElo "1581"]
[BlackElo "1626"]

1.c4 c6 2.Nc3 d5 3.e3 Nf6 4.d4 e6 5.Nf3 Be7 6.Bd3 O-O 7.O-O dxc4 8.Bxc4 Nbd7
9.a3 b5 10.Bd3 a5 11.Bd2 Re8 12.Ne2 Bb7 13.Ng3 Bd6 14.Ne4 Bc7 15.Qc2 h6 16.Rac1 Rc8
17.b4 axb4 18.Bxb4 e5 19.dxe5 Nxe5 20.Nxe5 Bxe5 21.Nxf6+ Qxf6 22.Bc3 Rcd8
23.Be2 Bxc3 24.Qxc3 Qxc3 25.Rxc3 Rd2 26.Bf3 Ra2 27.h3 Ra8 28.Bxc6 Bxc6 29.Rxc6 R8xa3
30.Rcc1 b4 31.Rb1 b3 32.Rfd1 Rc2 33.Rf1 Kf8 34.Kh2 b2 35.Kg3 Rac3 36.Rfd1 Rc1
37.Rxb2 Rxd1 38.Kf4 Ke7 39.h4 Rcd3 40.e4 R1d2 41.Rxd2 Rxd2 42.Ke3 Ra2 43.g3 Ke6
44.f3 g5 45.hxg5 hxg5 46.f4 Ra3+ 47.Kf2 g4 48.Kg2 f6 49.Kf2 Kd6 50.Kg2 Re3
51.Kf2 Rxe4 52.Kf1 Kd5 53.Kf2 Kd4 54.Kf1 Kd3 55.Kf2 Re2+ 56.Kf1 Ke3 57.Kg1 Kf3
58.Kf1 f5 59.Kg1 Ra2 60.Kh1 Kxg3 61.Kg1 Ra1+  0-1

[Event "Dreifluesse op"]
[Site "Passau"]
[Date "1998.04.10"]
[Round "2"]
[White "Koch, Herbert"]
[Black "Schoellmann, Jochen"]
[Result "0-1"]
[WhiteElo "1835"]
[BlackElo "2370"]

1.Nf3 d5 2.c4 c6 3.d4 Nf6 4.Nc3 e6 5.e3 Nbd7 6.Bd3 dxc4 7.Bxc4 b5 8.Bd3 a6
9.a4 b4 10.Ne4 c5 11.Nxf6+ Nxf6 12.Bd2 Bb7 13.O-O Be7 14.Rc1 O-O 15.Be2 Ne4
16.Be1 Qb6 17.dxc5 Bxc5 18.Qb3 Rfd8 19.Ne5 a5 20.Nc4 Qa7 21.Kh1 Be7 22.Qc2 Rac8
23.f3 Nd6 24.Qb3 Ba6 25.e4 Nxc4 26.Bxc4 Qd4  0-1

[Event "Metz op"]
[Site "Metz"]
[Date "1998.04.11"]
[Round "7"]
[White "Haik, Aldo"]
[Black "Nezar, Mustapha"]
[Result "1-0"]
[WhiteElo "2400"]
[BlackElo "2255"]

1.d4 d5 2.c4 c6 3.Nc3 Nf6 4.e3 e6 5.Nf3 Nbd7 6.Bd3 dxc4 7.Bxc4 b5 8.Be2 Bb7
9.O-O Bd6 10.e4 e5 11.d5 cxd5 12.Nxb5 Be7 13.exd5 Bxd5 14.b3 O-O 15.Bb2 a6
16.Nc3 Bb7 17.Qc2 Qc7 18.Rac1 Rac8 19.Qf5 g6 20.Qg5 Qb8 21.Rfd1 Rfe8 22.Qh6 Rcd8
23.Ng5 Bf8 24.Qh4 h6 25.Nge4 Kg7 26.Nxf6 Nxf6 27.Na4 Rxd1+ 28.Rxd1 Qc7 29.Qc4 Qe7
30.Nb6 Kg8 31.h3 Qe6 32.Nd7 Nxd7 33.Qxe6 Rxe6 34.Rxd7 Re7 35.Rd8 Bc6 36.Ba3 Re8
37.Rxe8 Bxe8 38.Bxf8 Kxf8 39.Bxa6 Ke7 40.Kf1 g5 41.Ke2 Kd6 42.Bc8 Bc6 43.g3 e4
44.Ke3 Ke5 45.g4 Bd5 46.a4 Bxb3 47.a5 Kd6 48.a6 Kc7 49.a7 Bd5 50.Bf5 Kb6
51.Bxe4 Bxe4 52.Kxe4 Kxa7 53.Kf5  1-0

[Event "Dreifluesse op"]
[Site "Passau"]
[Date "1998.04.11"]
[Round "3"]
[White "Scharping, Hans Martin"]
[Black "Bernauer, Stefan"]
[Result "1-0"]
[WhiteElo "2050"]
[BlackElo "1770"]

1.Nf3 d5 2.d4 c6 3.c4 Nf6 4.Nc3 e6 5.e3 Nbd7 6.Bd3 dxc4 7.Bxc4 b5 8.Bd3 Bb7
9.O-O a6 10.e4 c5 11.d5 exd5 12.e5 Ne4 13.Re1 Be7 14.Nxe4 dxe4 15.Bxe4 Bxe4
16.Rxe4 O-O 17.Bf4 c4 18.Rd4 Ra7 19.a4 Rb7 20.axb5 axb5 21.Be3 Bc5 22.Rd5 Bxe3
23.fxe3 Qc7 24.Qd4 Nb8 25.Ra8 Qb6 26.Qxb6 Rxb6 27.Nd4 Nc6 28.Rxf8+ Kxf8 29.Rd6 c3
30.bxc3 Nxd4 31.Rxb6 Ne2+ 32.Kf2 Nxc3 33.Ke1 Nd5 34.Rxb5 Nxe3 35.Kf2 Nc2
36.Rc5 Nd4 37.Ke3 Ne6 38.Ra5 Ke7 39.Ra7+ Ke8 40.Ke4 h6 41.Kd5  1-0

[Event "Dreifluesse op"]
[Site "Passau"]
[Date "1998.04.11"]
[Round "3"]
[White "Loesch, Patrick"]
[Black "Schaper, Bjoern"]
[Result "0-1"]
[WhiteElo "1272"]
[BlackElo "2010"]

1.d4 d5 2.c4 c6 3.Nf3 Nf6 4.e3 e6 5.Nc3 Nbd7 6.Bd2 Be7 7.cxd5 exd5 8.Bd3 O-O
9.O-O Bd6 10.Qc2 Re8 11.Rfc1 Nf8 12.Rab1 Bg4 13.Ne1 Qe7 14.Be2 Bd7 15.Nd3 Ne4
16.Nxe4 dxe4 17.Nc5 Bf5 18.b4 Ne6 19.Rb2 Rab8 20.a3 Bg6 21.Bc4 Nxd4 22.exd4 e3
23.Bd3 exd2 24.Qxd2 Rbd8 25.Bxg6 hxg6 26.Qc3 a6 27.g3 Bb8 28.Rd2 Rd5 29.Rcd1 Ba7
30.Kg2 Red8 31.h3 Re8 32.h4 a5 33.Kh2 Bb8 34.Qf3 Qxh4+ 35.Kg2 Qe7 36.Qb3 Bd6
37.Rd3 Bxc5 38.dxc5 Qe4+ 39.Kf1 Qh1+  0-1

[Event "Dreifluesse op"]
[Site "Passau"]
[Date "1998.04.11"]
[Round "4"]
[White "Wells, Peter K"]
[Black "Wach, Markus"]
[Result "1/2-1/2"]
[WhiteElo "2530"]
[BlackElo "2410"]

1.d4 d5 2.c4 c6 3.Nc3 Nf6 4.e3 e6 5.Nf3 Nbd7 6.Qc2 Bd6 7.g4 Bb4 8.Bd2 Qe7
9.Rg1 b6 10.cxd5 Nxd5 11.Nxd5 cxd5 12.Rc1 O-O 13.Bd3 Nf6 14.Bxb4 Qxb4+ 15.Qc3 Qe7
16.Ne5 Ne4 17.Bxe4  1/2-1/2

[Event "Dreifluesse op"]
[Site "Passau"]
[Date "1998.04.11"]
[Round "4"]
[White "Loos, Stephan"]
[Black "Demir, Bilal"]
[Result "1/2-1/2"]
[WhiteElo "2245"]
[BlackElo "1980"]

1.d4 d5 2.c4 e6 3.Nc3 c6 4.e3 Nf6 5.Nf3 Nbd7 6.Qc2 Bd6 7.b3 O-O 8.Be2 e5
9.O-O e4 10.Nd2 Re8 11.Re1 Nf8 12.f3 Bxh2+ 13.Kxh2 Ng4+ 14.fxg4 Qh4+ 15.Kg1 Qxe1+
16.Nf1 Qh4 17.cxd5 cxd5 18.Nxd5 Bxg4 19.Bxg4 Qxg4 20.Qf2 Rad8 21.Nc3 Rd6
22.Qg3 Qd7 23.Nd2 Rg6 24.Qf2 Qg4 25.Ba3 f5 26.Rf1 Ne6 27.Ncxe4 h5 28.Nc4 fxe4
29.Ne5 Qg5 30.Qf7+ Kh7 31.Qxg6+ Qxg6 32.Nxg6 Kxg6 33.Rc1  1/2-1/2

[Event "Dreifluesse op"]
[Site "Passau"]
[Date "1998.04.11"]
[Round "4"]
[White "Jehnichen, Guenther"]
[Black "Schoellmann, Jochen"]
[Result "1/2-1/2"]
[WhiteElo "1922"]
[BlackElo "2370"]

1.d4 d5 2.Nf3 c6 3.e3 Nf6 4.c4 e6 5.Nc3 Nbd7 6.cxd5 exd5 7.Bd3 Bd6 8.Qc2 Nf8
9.h3 Ng6 10.Rb1 Qe7 11.O-O O-O 12.a3 Re8 13.b4 a6 14.Bd2 Ne4 15.Na4 Nh4 16.Bxe4 dxe4
17.Nxh4 Qxh4 18.f4 exf3 19.Rxf3 Qe7 20.Nb6 Rb8 21.Nxc8 Rbxc8 22.Rbf1 f6 23.Re1 Qe4
24.Qxe4 Rxe4 25.Rb1 Kf7 26.Rff1 Ke6 27.Kf2 f5 28.Ke2 g6 29.Kd3 Kd5 30.Bc3 Rce8
31.Rbe1 Bg3 32.Re2 Bh4 33.Rf3 Bg5 34.g3 h5 35.Bd2 Bf6 36.Bc3 b6 37.Ref2 c5
38.Rxf5+ gxf5 39.Rxf5+  1/2-1/2

[Event "Dreifluesse op"]
[Site "Passau"]
[Date "1998.04.11"]
[Round "4"]
[White "Krivoshey, Sergei"]
[Black "Pichler, Juergen"]
[Result "1-0"]
[WhiteElo "2475"]
[BlackElo "2395"]

1.Nf3 d5 2.d4 Nf6 3.c4 c6 4.Nc3 e6 5.e3 Nbd7 6.Qc2 Bd6 7.g4 dxc4 8.Bxc4 Nd5
9.Bd2 b6 10.O-O-O Bb7 11.Ne4 Be7 12.Ng3 Rc8 13.e4 b5 14.Be2 c5 15.Kb1 cxd4
16.Qd3 N5f6 17.g5 Nc5 18.Qxb5+ Bc6 19.gxf6 Bxb5 20.Bxb5+ Nd7 21.fxg7 Bf6
22.gxh8=Q+ Bxh8 23.e5 Qb6 24.Ne4 Rb8 25.Bxd7+ Kxd7 26.Bc3  1-0

[Event "Porto Carras op"]
[Site "Porto Carras"]
[Date "1998.04.11"]
[Round "?"]
[White "Banikas, Hristos"]
[Black "Petsetidi, Maria"]
[Result "1-0"]
[WhiteElo "2495"]
[BlackElo "2120"]

1.d4 d5 2.c4 c6 3.Nc3 e6 4.e3 Nf6 5.Nf3 Nbd7 6.Qc2 Be7 7.Be2 O-O 8.O-O dxc4
9.Bxc4 c5 10.Rd1 Qc7 11.Be2 cxd4 12.Nxd4 a6 13.Bd2 Ne5 14.Rac1 Bd7 15.Nd5 Nxd5
16.Qxc7 Nxc7 17.Rxc7 Rfd8 18.Rxb7 Bf6 19.Ba5 Bc8 20.Rb3 Rd5 21.Bc3 Bd7 22.f4 Nc6
23.Bf3  1-0

[Event "Czerniak mem 14th"]
[Site "Tel Aviv"]
[Date "1998.04.11"]
[Round "3"]
[White "Zifroni, Dov"]
[Black "Kundin, Alexander"]
[Result "1-0"]
[WhiteElo "2500"]
[BlackElo "2425"]

1.d4 d5 2.c4 c6 3.Nc3 Nf6 4.Nf3 e6 5.e3 Nbd7 6.Qc2 Bd6 7.Bd3 dxc4 8.Bxc4 O-O
9.O-O b5 10.Be2 Bb7 11.Rd1 Qc7 12.Bd2 a6 13.b4 a5 14.a3 axb4 15.axb4 Nd5
16.Rac1 Qb8 17.Qb1 f5 18.e4 fxe4 19.Nxe4 e5 20.Nfg5 N7f6 21.Nxf6+ Nxf6 22.Qb3+ Nd5
23.Qh3 h6 24.Qe6+ Kh8 25.dxe5 hxg5 26.exd6 Rf6 27.Qg4 Qxd6 28.Bxg5 Rf7 29.Rd3 Kg8
30.Rd4 Bc8 31.Qg3 Qg6 32.h4 Bf5 33.Bxb5 Nxb4 34.Rd6 Qh5 35.Bc4 Nd5 36.Rxc6 Be4
37.f3 Ra3 38.Qd6 Raxf3 39.Bxd5 Qg4 40.Bxe4  1-0

[Event "Budapest FS04 GM"]
[Site "Budapest"]
[Date "1998.04.12"]
[Round "9"]
[White "Bunzmann, Dimitrij"]
[Black "Cladouras, Panagiotis"]
[Result "1/2-1/2"]
[WhiteElo "2390"]
[BlackElo "2355"]

1.Nf3 Nf6 2.c4 e6 3.Nc3 d5 4.d4 c6 5.e3 Nbd7 6.Qc2 Bd6 7.Bd2 O-O 8.O-O-O dxc4
9.Bxc4 Qe7 10.h3 e5 11.g4 exd4 12.Nxd4 Ne5 13.Be2 Nd5 14.f4 Nxc3 15.Qxc3 c5
16.Nf5 Bxf5 17.gxf5 Nc6 18.Bc4 Kh8 19.f6 gxf6 20.Be1 Rg8 21.Bh4 Rg6 22.Rd5 Bc7
23.Rhd1 Ba5 24.Qb3 Rd8 25.Rxd8+ Nxd8 26.Qa3 Nc6 27.Bd5 Bb6 28.Qc3 Ba5 29.Qa3 Bb6
30.Qc3 Rh6 31.Bxc6 bxc6 32.Bg5 Ba5 33.Bxf6+ Rxf6 34.Qxa5 Qxe3+ 35.Kb1 Qe4+
36.Ka1 Rd6 37.Qc3+ Kg8 38.Re1 Qe2 39.Qc1 Qf2 40.a3 Rd2 41.f5 Qd4 42.f6 Kf8
43.Rf1 a5 44.Re1 a4 45.Rf1 h5 46.h4 c4 47.Re1 c5 48.Rf1 Kg8 49.Rg1+  1/2-1/2

[Event "Dreifluesse op"]
[Site "Passau"]
[Date "1998.04.12"]
[Round "5"]
[White "Meduna, Eduard"]
[Black "Schlosser, Philipp"]
[Result "1/2-1/2"]
[WhiteElo "2470"]
[BlackElo "2515"]

1.d4 d5 2.c4 e6 3.Nc3 c6 4.e3 Nf6 5.Nf3 Nbd7 6.Qc2 Bd6 7.Be2 O-O 8.O-O dxc4
9.Bxc4 a6 10.Rd1 c5 11.a4 Qe7 12.a5 cxd4 13.exd4 b5 14.axb6 Nxb6 15.Bd3 h6
16.Qe2 a5 17.Nb5 Nbd5  1/2-1/2

[Event "Czerniak mem 14th"]
[Site "Tel Aviv"]
[Date "1998.04.12"]
[Round "4"]
[White "Rabinovich, Alexander"]
[Black "Bykhovsky, Avigdor"]
[Result "1/2-1/2"]
[WhiteElo "2425"]
[BlackElo "2395"]

1.d4 d5 2.c4 c6 3.Nf3 e6 4.Nc3 Nf6 5.e3 Nbd7 6.Qc2 Bd6 7.Bd2 O-O 8.O-O-O c5
9.cxd5 exd5 10.Ng5 cxd4 11.exd4 Nb6 12.Bd3 h6 13.h4 Bd7 14.Nh7 Nxh7 15.Bxh7+ Kh8
16.Bf5  1/2-1/2

[Event "Dreifluesse op"]
[Site "Passau"]
[Date "1998.04.13"]
[Round "7"]
[White "Beim, Valery"]
[Black "Mueller, Matthias"]
[Result "1/2-1/2"]
[WhiteElo "2555"]
[BlackElo "2385"]

1.c4 e6 2.Nc3 d5 3.d4 c6 4.e3 Nf6 5.Nf3 Nbd7 6.Be2 dxc4 7.a4 Be7 8.O-O O-O
9.Bxc4 c5 10.Re1 cxd4 11.exd4 Nb6 12.Bb3 Nbd5 13.Ne5 Bd7 14.Nxd5 Nxd5 15.Bxd5 exd5
16.Bf4 Bb4 17.Re3 Bf5 18.Rb3 a5 19.Bd2 Bxd2 20.Qxd2 f6 21.Nf3 Rf7 22.Qf4 Qd7
23.Rb6 Qc7 24.Qxc7 Rxc7 25.Rb5 Bd7 26.Rxd5 Bxa4 27.h3 Rd7 28.Rf5 Bc6  1/2-1/2

[Event "Czerniak mem 14th"]
[Site "Tel Aviv"]
[Date "1998.04.13"]
[Round "5"]
[White "Bykhovsky, Avigdor"]
[Black "Kundin, Alexander"]
[Result "1/2-1/2"]
[WhiteElo "2395"]
[BlackElo "2425"]

1.d4 d5 2.c4 c6 3.Nf3 Nf6 4.Nc3 e6 5.e3 Nbd7 6.Bd3 dxc4 7.Bxc4 b5 8.Bd3 a6
9.e4 c5 10.d5 c4 11.dxe6 fxe6 12.Bc2 Qc7 13.O-O Bc5 14.Qe2 Ne5 15.Nxe5 Qxe5
16.Be3 Bxe3 17.Qxe3 Ng4 18.Qg3 Qxg3 19.hxg3 Bb7 20.b3 Ke7 21.bxc4 Rac8 22.Rfc1 Ne5
23.f3 Rhd8 24.Bb3 Nxc4 25.Ne2 Nb2 26.Nf4 Nd3 27.Rxc8 Bxc8 28.Rd1 Nxf4 29.Rxd8 Ne2+
30.Kf2 Kxd8 31.Kxe2 Kc7 32.f4 Kd6 33.e5+ Kc5 34.Kd3 b4 35.g4 g6 36.g3 a5
37.a4 bxa3 38.Kc3 Bd7 39.g5 Bc8 40.Bc4 Bd7 41.Bb3 Kb5 42.Bc4+ Kc5 43.Bb3  1/2-1/2

[Event "Czerniak mem 14th"]
[Site "Tel Aviv"]
[Date "1998.04.16"]
[Round "7"]
[White "Rabinovich, Alexander"]
[Black "Kundin, Alexander"]
[Result "1-0"]
[WhiteElo "2425"]
[BlackElo "2425"]

1.d4 d5 2.c4 c6 3.Nf3 Nf6 4.Nc3 e6 5.e3 Nbd7 6.Bd3 dxc4 7.Bxc4 b5 8.Bd3 a6
9.e4 c5 10.d5 c4 11.Bc2 Qc7 12.dxe6 fxe6 13.O-O Bc5 14.e5 Nxe5 15.Bf4 Bd6
16.Bxe5 Bxe5 17.Nxe5 Qxe5 18.Re1 Qc7 19.a4 b4 20.Nd5 Nxd5 21.Qxd5 Rb8 22.Qh5+ Qf7
23.Qc5 b3 24.Be4 Bd7 25.Rad1 Rc8 26.Qd6 Qe7 27.Qxa6 O-O 28.Qb7 Rf7 29.h3 Rcf8
30.a5 Qf6 31.Re2 Bc8 32.Qb6 Qe7 33.Red2 Qa7 34.Rd8 Qxb6 35.axb6 Bb7 36.Rxf8+ Kxf8
37.Rd8+ Ke7 38.Rd4 Ba6 39.Bc6 c3 40.bxc3 Rf8 41.Rb4 Kd6 42.Be4 h6 43.Rxb3 Rb8
44.b7 Bc4 45.Rb4 Kc5 46.f4 Bd5 47.Bxd5 exd5 48.Kf2 d4 49.Rxd4 Rxb7 50.Kf3 Rb3
51.Rd3 Kc4 52.Rd7 Rxc3+ 53.Kg4 h5+ 54.Kh4  1-0

[Event "RUS-ch (Women)"]
[Site "Elista"]
[Date "1998.04.21"]
[Round "1.3"]
[White "Prudnikova, Svetlana"]
[Black "Gagloshvili, Raissa"]
[Result "1-0"]
[WhiteElo "2420"]
[BlackElo "2175"]

1.d4 d5 2.Nf3 c6 3.c4 Nf6 4.Nc3 e6 5.e3 Nbd7 6.Bd3 Be7 7.O-O O-O 8.b3 a6
9.Bb2 dxc4 10.bxc4 b5 11.Qe2 bxc4 12.Bxc4 Rb8 13.Rab1 Qa5 14.e4 Bb4 15.Qc2 Bb7
16.e5 Nd5 17.Ne4 c5 18.Neg5 g6 19.Qe4 Kg7 20.Qh4 h6 21.Ne4 cxd4 22.Bxd4 Bc3
23.Bxd5 Bxd4 24.Bxb7 Bb6 25.Bc6 Bd8 26.Qf4 g5 27.Qd2 Qxd2 28.Nexd2 Rxb1 29.Rxb1 Nc5
30.Nb3 Be7 31.Nxc5 Bxc5 32.h3 Rc8 33.Bb7 Rb8 34.Rb3 a5 35.Rb5 Bb4 36.Nd4 Rd8
37.Nc6 Rd1+ 38.Kh2 Be1 39.Rb2 a4 40.Ba6 Rc1 41.Bb5 a3 42.Re2 Bc3 43.Ba4 Bb2
44.Rc2 Re1 45.Bb3 h5 46.Kg3 h4+ 47.Kf3 Rd1 48.Re2 Rc1 49.Nb4 Rc3+ 50.Ke4 Rc7
51.Nd3 Rb7  1-0

[Event "GRE-chT"]
[Site "Poros"]
[Date "1998.04.22"]
[Round "4"]
[White "Kalesis, Nikolaos"]
[Black "Gavrilakis, Nikolaos"]
[Result "1/2-1/2"]
[WhiteElo "2420"]
[BlackElo "2420"]

1.d4 d5 2.c4 c6 3.Nc3 Nf6 4.e3 e6 5.Nf3 Nbd7 6.Bd3 dxc4 7.Bxc4 b5 8.Bd3 b4
9.Na4 c5 10.dxc5 Nxc5 11.Nxc5 Bxc5 12.e4 Bb7 13.Qe2 h6 14.O-O O-O 15.b3 Qa5
16.Bb2 Be7 17.Ne5 Rfd8 18.Rfd1 Rac8 19.Rac1 Rc5 20.Rxc5 Qxc5 21.Rc1 Qa5 22.Bb1 Qb6
23.h3 Ba6 24.Nc4 Bxc4 25.Rxc4 Bc5 26.e5 Nd7 27.Qc2 g6 28.h4 h5 29.g4 hxg4  1/2-1/2

[Event "SVR-chA"]
[Site "Nickenich"]
[Date "1998.04.??"]
[Round "?"]
[White "Puth, Dieter"]
[Black "Bruehl, Andreas"]
[Result "0-1"]
[WhiteElo "2200"]
[BlackElo "2200"]

1.d4 d5 2.c4 c6 3.Nf3 Nf6 4.Nc3 e6 5.e3 Nbd7 6.Bd3 dxc4 7.Bxc4 b5 8.Bd3 Bb7
9.a3 Bd6 10.O-O O-O 11.Qc2 Qe7 12.Bd2 Rfe8 13.b4 e5 14.Ne4 Nxe4 15.Bxe4 h6
16.Bc3 exd4 17.Bh7+ Kh8 18.Bxd4 a5 19.Bf5 axb4 20.axb4 Nf6 21.Rab1 Bxb4 22.Bxf6 gxf6
23.Nd4 c5 24.Qd1 Rg8 25.Nf3 Rad8 26.Qe2 Rd2  0-1

[Event "SVR-chA"]
[Site "Nickenich"]
[Date "1998.04.??"]
[Round "?"]
[White "Puth, Dieter"]
[Black "Muellen, Armin"]
[Result "1/2-1/2"]
[WhiteElo "2200"]
[BlackElo "2045"]

1.d4 d5 2.c4 c6 3.Nf3 Nf6 4.Nc3 e6 5.e3 Nbd7 6.Bd3 dxc4 7.Bxc4 b5 8.Bd3 a6
9.e4 c5 10.e5 cxd4 11.Nxb5 Bb4+ 12.Bd2 Bxd2+ 13.Qxd2 axb5 14.exf6 Qxf6 15.Bxb5 O-O
16.Qxd4 e5 17.Qd5 Ra7 18.O-O e4 19.Qxe4 Qxb2 20.a4 Nf6 21.Qe3 Rb7 22.Rfb1 Qc2
23.Nd4 Qc5 24.Rc1 Qa7 25.Qe5 Bd7 26.Bxd7 Nxd7 27.Qd6 Ra8 28.Nc6 Rb6 29.a5 Ra6
30.Qd3 Qb7 31.Ne7+ Kh8 32.Rab1 Ne5 33.Qxh7+ Kxh7 34.Rxb7 Rxa5 35.h3 Ra1 36.Rxa1 Rxa1+
37.Kh2 Nd3 38.f3 Nf4 39.Kg3 g5 40.h4 Ne6 41.hxg5 Nxg5 42.Kf4 Ne6+ 43.Ke5 Kg7
44.Nf5+ Kg6 45.Nh4+ Kg7 46.Nf5+ Kg6 47.Ne7+ Kg7 48.g3 Ra5+ 49.Kd6 Ra6+ 50.Kd5 Ra5+
51.Kc4 Rc5+ 52.Kd3 Ra5 53.Ke3 Ra3+ 54.Kf2 Ra2+ 55.Kf1 Nd4 56.f4 Nf3 57.Nf5+ Kg6
58.Ne3  1/2-1/2

[Event "SVR-op"]
[Site "Nickenich"]
[Date "1998.04.??"]
[Round "3"]
[White "Ehlen, Ralf"]
[Black "Mehlem, Sabine"]
[Result "1-0"]
[WhiteElo "1785"]
[BlackElo "1525"]

1.c4 e6 2.d4 d5 3.e3 c6 4.Nf3 Nf6 5.Nc3 Bb4 6.Bd2 Bxc3 7.Bxc3 a5 8.b4 Ne4
9.Qc2 Nxc3 10.Qxc3 axb4 11.Qxb4 Qa5 12.Qxa5 Rxa5 13.Be2 dxc4 14.Bxc4 b5 15.Bb3 O-O
16.O-O Nd7 17.Rac1 Bb7 18.Rfd1 h6 19.h3 Rc8 20.Ne1 Kf8 21.Nd3 Ke7 22.f3 Ra7
23.e4 Raa8 24.Kf2 g5 25.g4 Rab8 26.Rh1 Ba6 27.h4 b4 28.Nc5 Nxc5 29.Rxc5 Rb5
30.Rxb5 Bxb5 31.hxg5 hxg5 32.Rh5 Rg8 33.Ke3 Bf1 34.Rh1 Bb5 35.Rb1 Ra8 36.Rc1 Rg8
37.Rc5 f6 38.e5 f5 39.gxf5 exf5 40.Bxg8  1-0

[Event "Zepter op"]
[Site "Minsk"]
[Date "1998.05.02"]
[Round "8"]
[White "Salinnikov, DY."]
[Black "Kharlov, Andrei"]
[Result "1/2-1/2"]
[WhiteElo "2370"]
[BlackElo "2560"]

1.d4 d5 2.Nf3 Nf6 3.c4 e6 4.Nc3 c6 5.e3 Nbd7 6.Qc2 Bd6 7.Be2 O-O 8.O-O Re8
9.Rd1 Qe7 10.h3 h6 11.a3 a6 12.b3 dxc4 13.bxc4 e5 14.Nh4 Nf8 15.Nf5 Bxf5
16.Qxf5 exd4 17.exd4 c5 18.Be3 Ne6 19.dxc5 Bxc5 20.Bxc5 Nxc5 21.Bf3 g6 22.Qf4 Qe5
23.Qxe5 Rxe5 24.Rab1 Rb8 25.Rb6 Re6 26.Rdb1 Rxb6 27.Rxb6 Kg7 28.Nd5 Nfd7
29.Rb1 Ne5 30.Be2 Nc6 31.Nb4 Nd4 32.Bf1 Rd8 33.Nd5 Re8 34.Ne3 Rd8 35.g3 Nf3+
36.Kg2 Ng5 37.Nd5 Nge4 38.Be2 Re8 39.Rb2 Nf6 40.Bf3 Nxd5 41.Bxd5 Re7 42.Kf1 Kf6
43.Rb1 Ke5 44.Re1+ Kd6 45.Rxe7 Kxe7 46.Ke2 g5 47.Ke3 b6 48.f4 f6 49.Kf3 f5
50.Ke3 gxf4+ 51.gxf4 Kd6 52.h4 a5 53.Bg8 Ne4 54.Bh7 Kc5 55.Bxf5 Nd6 56.Be6 Nxc4+
57.Bxc4 Kxc4 58.a4 b5 59.f5 bxa4 60.f6 a3 61.f7 a2 62.f8=Q a1=Q 63.Qf7+ Kb4
64.Qe7+ Kb3 65.Qb7+ Ka3 66.Qe7+ Kb2 67.Qb7+  1/2-1/2

[Event "Zepter op"]
[Site "Minsk"]
[Date "1998.05.03"]
[Round "9"]
[White "Tihonov, Jurij"]
[Black "Yagupov, Igor"]
[Result "1/2-1/2"]
[WhiteElo "2400"]
[BlackElo "2450"]

1.d4 d5 2.c4 c6 3.Nf3 Nf6 4.Nc3 e6 5.e3 Nbd7 6.Qc2 Bd6 7.g4 dxc4 8.Bxc4 Nd5
9.Bd2 b6 10.Ne4 Be7 11.O-O-O Bb7 12.Kb1 Rc8 13.h4 c5 14.dxc5 Nxc5 15.Bb5+ Nd7
16.Qd3 O-O 17.Neg5 g6 18.e4 Nc5 19.Qc2 a6 20.exd5 axb5 21.dxe6 Qd3 22.Qxd3 Nxd3
23.exf7+ Rxf7 24.Nxf7 Bxf3 25.Nh6+ Kf8 26.Be3 Bf6 27.g5 Be5 28.Rxd3 Bxh1
29.Ng4 Bg7 30.Rd6 Ke7 31.Rd1 Bf3 32.Rg1 Rc6 33.a3 Ke6 34.Ka2 Rc2 35.Nf6 Bxf6
36.gxf6 Bd5+ 37.Kb1 Be4 38.Ka1 Kxf6 39.Bxb6 Re2 40.Ba5 Rc2 41.Ka2 Bd5+ 42.Kb1 Be4
43.Ka1  1/2-1/2

[Event "Presidents Cup"]
[Site "Elista"]
[Date "1998.05.07"]
[Round "1.1"]
[White "Aleksandrov, Aleksej"]
[Black "Lusto, Alexey"]
[Result "1-0"]
[WhiteElo "2615"]
[BlackElo "2305"]

1.d4 d5 2.c4 c6 3.Nc3 Nf6 4.e3 e6 5.Nf3 Nbd7 6.Bd3 dxc4 7.Bxc4 b5 8.Bd3 Bb7
9.a3 b4 10.Ne4 Nxe4 11.Bxe4 bxa3 12.bxa3 Bd6 13.Rb1 Qc8 14.Qc2 h6 15.Nd2 Rb8
16.O-O O-O 17.Bb2 Qc7 18.h3 c5 19.Rfc1 Rfc8 20.Qd1 Bf8 21.dxc5 Nxc5 22.Bxb7 Rxb7
23.Ne4 Qd7 24.Qxd7 Rxd7 25.Bd4 Rdc7 26.Nxc5 Bxc5 27.Be5 Rc6 28.Rb8  1-0

[Event "FRA-chT"]
[Site "FRA"]
[Date "1998.05.10"]
[Round "10"]
[White "Van Wely, Loek"]
[Black "Pinter, Jozsef"]
[Result "1/2-1/2"]
[WhiteElo "2605"]
[BlackElo "2590"]

1.d4 Nf6 2.c4 e6 3.Nf3 d5 4.Nc3 c6 5.e3 Nbd7 6.Qc2 Bd6 7.Be2 O-O 8.O-O Qe7
9.Rd1 Re8 10.a3 h6 11.h3 dxc4 12.Bxc4 e5 13.Nh4 Nf8 14.dxe5 Bxe5 15.Nf3 Bxc3
16.Qxc3 Ne4 17.Qc2 Bf5 18.b4 Nd6 19.Bd3 Bxd3 20.Qxd3 Rad8 21.Bb2 Qe4 22.Qxe4 Nxe4
23.Nd4 Nd6 24.Rac1 f6 25.Nb3 Re7 26.Bd4 Nb5 27.Bb2 Rxd1+ 28.Rxd1 Rd7 29.Rxd7 Nxd7
30.Na5 Nd6 31.Bd4 a6 32.f3 Kf7 33.Kf2 Ke6 34.e4 Nb5 35.Bb2 Nd6 36.Bd4 Nb5
37.Bb2 Nd6  1/2-1/2

[Event "FRA-chT"]
[Site "FRA"]
[Date "1998.05.11"]
[Round "11"]
[White "Marzolo, Cyril"]
[Black "Laclau, Daniel"]
[Result "1-0"]
[WhiteElo "2355"]
[BlackElo "2290"]

1.d4 d5 2.c4 c6 3.Nc3 Nf6 4.e3 e6 5.Nf3 Nbd7 6.Qc2 b6 7.Be2 Bb7 8.O-O Be7
9.Rd1 Qc7 10.e4 dxe4 11.Nxe4 c5 12.Nc3 cxd4 13.Nb5 Qb8 14.Rxd4 a6 15.Nc3 Qc7
16.Bf4 Qc6 17.Bf1 Bc5 18.Rd2 O-O 19.Rad1 Rfe8 20.a3 e5 21.Bg3 Qe6 22.Ng5 Qg4
23.Rxd7 Nxd7 24.Qxh7+ Kf8 25.Be2  1-0

[Event "Capablanca mem 33th Elite"]
[Site "Havana"]
[Date "1998.05.11"]
[Round "4"]
[White "Bischoff, Klaus"]
[Black "Bacrot, Etienne"]
[Result "0-1"]
[WhiteElo "2545"]
[BlackElo "2565"]

1.Nf3 Nf6 2.d4 d5 3.c4 c6 4.Nc3 e6 5.e3 Nbd7 6.Qc2 Bd6 7.Be2 O-O 8.b3 Qe7
9.Bb2 b6 10.O-O-O Bb7 11.Kb1 Rac8 12.Rc1 a6 13.h4 c5 14.cxd5 exd5 15.dxc5 bxc5
16.Bd3 Rfd8 17.h5 d4 18.Na4 h6 19.Rhe1 Qf8 20.e4 Re8 21.Nd2 Bc6 22.Nc4 Bxa4
23.bxa4 Rb8 24.Ka1 Ng4 25.Rb1 Nge5 26.Nxe5 Bxe5 27.Bxa6 c4 28.Qxc4 Rb4 29.Qc6 Nb8  0-1

[Event "Boca Juniors op"]
[Site "Buenos Aires"]
[Date "1998.05.13"]
[Round "6"]
[White "Scarella, Enrique"]
[Black "Salazar, Ramon"]
[Result "1-0"]
[WhiteElo "2380"]
[BlackElo "2130"]

1.d4 d5 2.c4 c6 3.e3 Nf6 4.Nc3 e6 5.Nf3 Nbd7 6.Qc2 Be7 7.Bd3 dxc4 8.Bxc4 c5
9.O-O a6 10.a4 Qc7 11.Ba2 O-O 12.Bd2 cxd4 13.Nxd4 Ng4 14.f4 Bc5 15.Ne4 Qb6
16.a5 Qa7 17.Nxc5 Nxc5 18.Bb4 Nd7 19.Qe2 e5 20.Bxf8 Nxe3 21.Qxe3  1-0

[Event "Toronto op"]
[Site "Toronto"]
[Date "1998.05.18"]
[Round "9"]
[White "Cummings, David H"]
[Black "Hasanov, Marat"]
[Result "1-0"]
[WhiteElo "2365"]
[BlackElo "2265"]

1.Nf3 d5 2.d4 Nf6 3.c4 c6 4.e3 e6 5.Nc3 Nbd7 6.Qc2 Bd6 7.Bd3 O-O 8.O-O b6
9.e4 dxc4 10.Bxc4 e5 11.d5 c5 12.Nh4 a6 13.Nf5 Ne8 14.a4 g6 15.Nh6+ Kh8 16.Ra3 Be7
17.f4 Nd6 18.Ne2 Bf6 19.Ng4 Bg7 20.f5 Qh4 21.Rg3 b5 22.Ba2 c4 23.b4 cxb3
24.Bxb3 Qd8 25.Rgf3 Re8 26.f6 Bf8 27.Bh6 Qb6+ 28.Kh1 Qc5 29.Bxf8 Rxf8 30.Qd2 Rg8
31.Qh6 Nf8 32.Nxe5 Ra7 33.Nc6 Nxe4 34.Rc1 Qb4 35.Nxb4  1-0

[Event "Capablanca mem 33th Premier"]
[Site "Havana"]
[Date "1998.05.19"]
[Round "11"]
[White "Pecorelli Garcia, Humberto"]
[Black "Perez, Rodney"]
[Result "1/2-1/2"]
[WhiteElo "2465"]
[BlackElo "2395"]

1.d4 d5 2.c4 c6 3.Nf3 Nf6 4.Nc3 e6 5.e3 Nbd7 6.Qc2 Bd6 7.Bd3 O-O 8.O-O dxc4
9.Bxc4 a6 10.a3 c5 11.Ba2 Qc7 12.Rd1 cxd4 13.exd4 b5 14.h3 Bb7 15.Qe2 Rac8
16.Bg5 h6 17.Bd2 Qb8 18.Re1 Qa8 19.Rad1 Nb6 20.Bc1 Nbd5 21.Nxd5 Bxd5 22.Bb1 Bb3
23.Rd3 Bc4 24.Ne5 Bxd3 25.Qxd3 Rfd8 26.Ng4 Be7 27.Bd2 Rc4 28.Rxe6 fxe6 29.Nxh6+ gxh6
30.Qg6+ Kh8 31.Qxh6+ Kg8 32.Qg6+ Kh8 33.Qh6+ Kg8  1/2-1/2